Southville International School and Colleges
Your cart is empty.
  • Cart
  • Lists
    Public lists Eva Luna New books Lux_list list_1
    Your lists Log in to create your own lists
  • Log in to your account
  • Your cookies
  • Search history
Southville International School and Colleges
  • Advanced search
  • Recent comments
  • Most popular
  • Libraries

Log in to your account

Log in with GOOGLE


If you do not have an external account, but do have a local account, you can still log in:

  1. Home
  2. MARC view: Business and management for the IB diploma :
Normal view MARC view ISBD view

Business and management for the IB diploma : (Record no. 116672)

[ view plain ]
MARC details
000 -LEADER
fixed length control field 00674nam a2200205Ia 4500
008 - FIXED-LENGTH DATA ELEMENTS--GENERAL INFORMATION
fixed length control field 140512s9999 xx 000 0 und d
020 ## - INTERNATIONAL STANDARD BOOK NUMBER
International Standard Book Number 9780199135318
050 ## - LIBRARY OF CONGRESS CALL NUMBER
Classification number HF 1118
Item number .G88 2009
100 ## - MAIN ENTRY--PERSONAL NAME
Personal name Gutteridge, Lloyd
245 ## - TITLE STATEMENT
Title Business and management for the IB diploma :
Remainder of title standard and higher level /
Statement of responsibility, etc Lloyd Gutteridge
260 ## - PUBLICATION, DISTRIBUTION, ETC. (IMPRINT)
Place of publication, distribution, etc Oxford :
Name of publisher, distributor, etc Oxford University Press,
Date of publication, distribution, etc c2009.
300 ## - PHYSICAL DESCRIPTION
Extent 160 p. :
Other physical details ill. ;
Dimensions 28 cm.
440 ## - SERIES STATEMENT/ADDED ENTRY--TITLE
Title IB study guides
500 ## - GENERAL NOTE
General note Includes index.
650 ## - SUBJECT ADDED ENTRY--TOPICAL TERM
Topical term or geographic name as entry element Betriebswirtschaftslehre
650 ## - SUBJECT ADDED ENTRY--TOPICAL TERM
Topical term or geographic name as entry element Business
General subdivision Examination -- Study guides
650 ## - SUBJECT ADDED ENTRY--TOPICAL TERM
Topical term or geographic name as entry element Management
General subdivision Examination -- Study guides
942 ## - ADDED ENTRY ELEMENTS (KOHA)
Koha item type Books
Holdings
Withdrawn status Lost status Source of classification or shelving scheme Damaged status Home library Current library Shelving location Date acquired Total Checkouts Full call number Barcode Date last seen Date checked out Price effective from Koha item type
    Library of Congress Classification   Luxembourg Library Luxembourg Library International Baccalaureate Section 05/13/2014 1 HF 1118 .G88 2009 IB0144 09/12/2014 09/08/2014 05/13/2014 Books

Business and management for the IB diploma :

APA

Gutteridge L., . (2009). Business and management for the IB diploma. Oxford: Oxford University Press.

Chicago

Gutteridge Lloyd, . 2009. Business and management for the IB diploma. Oxford: Oxford University Press.

Harvard

Gutteridge L., . (2009). Business and management for the IB diploma. Oxford: Oxford University Press.

MLA

Gutteridge Lloyd, . Business and management for the IB diploma. Oxford: Oxford University Press. 2009.

  • Place hold
  • Print
  • Cite
  • Add to your cart (remove)
  • Save record
    BIBTEX Dublin Core MARCXML MARC (non-Unicode/MARC-8) MARC (Unicode/UTF-8) MARC (Unicode/UTF-8, Standard) MODS (XML) RIS
  • More searches
    Search for this title in:
    Other Libraries (WorldCat) Other Databases (Google Scholar) Online Stores (Bookfinder.com) Open Library (openlibrary.org)

Exporting to Dublin Core...

SOUTHVILLE LIBRARY

Southville International School and Colleges Library

1281 Tropical Ave. Cor. Luxembourg St., BF Homes International, Las Pinas City

Tel. No. 8256374 / 252358 Loc. 117/146

Powered by Koha